Color atlas of veterinary histology / (Record no. 74525)
[ view plain ]
| 000 -LEADER | |
|---|---|
| fixed length control field | 01709nam a2200325 i 4500 |
| 001 - CONTROL NUMBER | |
| control field | 74525 |
| 003 - CONTROL NUMBER IDENTIFIER | |
| rucl marc code | BD-RjUL |
| 005 - DATE AND TIME OF LATEST TRANSACTION | |
| control field | 20211209082550.0 |
| 008 - FIXED-LENGTH DATA ELEMENTS--GENERAL INFORMATION | |
| fixed length control field | 181015s2012 enka b 001 0 eng d |
| 020 ## - INTERNATIONAL STANDARD BOOK NUMBER | |
| International Standard Book Number | 9780470958513 (hbk) |
| 035 ## - SYSTEM CONTROL NUMBER | |
| System control number | (BD-RjUL) |
| 040 ## - CATALOGING SOURCE | |
| Original cataloging agency | DNLM/DLC |
| Language of cataloging | eng |
| Transcribing agency | DLC |
| Modifying agency | YDX |
| -- | NLM |
| -- | BDX |
| -- | E7B |
| -- | YDXCP |
| -- | YNK |
| -- | BTCTA |
| -- | OCLCO |
| -- | BWX |
| Description conventions | rda |
| Modifying agency | UKMGB |
| -- | UkOxU |
| -- | BD-RjUL |
| 041 ## - LANGUAGE CODE | |
| Language code of text/sound track or separate title | eng |
| 042 ## - AUTHENTICATION CODE | |
| Authentication code | pcc |
| 049 ## - LOCAL HOLDINGS (OCLC) | |
| Local processing data | o |
| 082 ## - DEWEY DECIMAL CLASSIFICATION NUMBER | |
| Classification number | 636.0891018 |
| Author mark and year | BAC 2012 |
| Edition number | 23 |
| 100 1# - MAIN ENTRY--PERSONAL NAME | |
| Personal name | Bacha, William J. |
| 9 (RLIN) | 223795 |
| Relator term | author |
| 245 10 - TITLE STATEMENT | |
| Title | Color atlas of veterinary histology / |
| Statement of responsibility, etc. | William J. Bacha Jr., Linda M. Bacha. |
| 250 ## - EDITION STATEMENT | |
| Edition statement | Third edition |
| 264 #1 - PRODUCTION, PUBLICATION, DISTRIBUTION, MANUFACTURE, AND COPYRIGHT NOTICE | |
| Place of production, publication, distribution, manufacture | Chichester : |
| Name of producer, publisher, distributor, manufacturer | Wiley-Blackwell, |
| Date of production, publication, distribution, manufacture, or copyright notice | 2012. |
| 300 ## - PHYSICAL DESCRIPTION | |
| Pagination | xiii, 342 pages : |
| Illustrations | illustrations. (some color) ; |
| Size | 29 cm. + |
| Accompanying material | 1 DVD-ROM (col. ; 4 3/4 in.). |
| 500 ## - GENERAL NOTE | |
| General note | Includes companion DVD-ROM, providing the more than 900 photographs digitally in an atlas interface with zoom capability, multiple choice study questions available for each chapter. |
| General note | Previous ed.: Philadelphia, Pa.; London: Lippincott Williams & Wilkins, 2000. |
| 504 ## - BIBLIOGRAPHY, ETC. NOTE | |
| Bibliography, etc | Includes bibliographical references and index. |
| 505 0# - FORMATTED CONTENTS NOTE | |
| Formatted contents note | General principles of histology -- Epithelium -- Connective tissue proper and embryonal connective tissue -- Cartilage -- Bone -- Blood -- Bone marrow -- Muscle tissue -- Nervous system -- Cardiovascular system -- Lymphatic system -- Integument -- Digestive system -- Urinary system -- Respiratory system -- Endocrine system -- Male reproductive system -- Female reproductive system -- The eye -- The ear. |
| 650 #0 - SUBJECT ADDED ENTRY--TOPICAL TERM | |
| Topical term or geographic name as entry element | Veterinary histology |
| Form subdivision | Atlases. |
| 9 (RLIN) | 223796 |
| 700 1# - ADDED ENTRY--PERSONAL NAME | |
| Personal name | Bacha, Linda M. |
| 942 ## - ADDED ENTRY ELEMENTS (KOHA) | |
| Source of classification or shelving scheme | Dewey Decimal Classification |
| Koha item type | Books |
| Lost status | Source of classification or shelving scheme | Damaged status | Not for loan | Collection code | Permanent Location | Current Location | Shelving location | Date acquired | Source of acquisition | Cost, normal purchase price | Total Checkouts | Full call number | Date last seen | Copy number | Koha item type | Total Renewals | Date checked out |
|---|---|---|---|---|---|---|---|---|---|---|---|---|---|---|---|---|---|
| Dewey Decimal Classification | Not For Loan | Non-fiction | Central Library, University of Rajshahi | Central Library, University of Rajshahi | Reading Room | 03/10/2018 | Orbital International, Dhaka | 6591.65 | 636.0891018 BAC 2012 | 22/10/2018 | C-1 | Books | |||||
| Dewey Decimal Classification | Non-fiction | Central Library, University of Rajshahi | Central Library, University of Rajshahi | 03/10/2018 | Orbital International, Dhaka | 6591.65 | 3 | 636.0891018 BAC 2012 | 12/12/2022 | C-2 | Books | 1 | 29/11/2022 | ||||
| Dewey Decimal Classification | Non-fiction | Central Library, University of Rajshahi | Central Library, University of Rajshahi | 03/10/2018 | Orbital International, Dhaka | 6591.65 | 1 | 636.0891018 BAC 2012 | 12/12/2022 | C-3 | Books | 29/11/2022 | |||||
| Dewey Decimal Classification | Not For Loan | Non-fiction | Central Library, University of Rajshahi | Central Library, University of Rajshahi | Audio Visual Section | 03/10/2018 | Orbital International, Dhaka | 6591.65 | 636.0891018 BAV 2012 | 22/10/2018 | C-1 | Audio Visual (AV) Materials | |||||
| Dewey Decimal Classification | Non-fiction | Central Library, University of Rajshahi | Central Library, University of Rajshahi | Audio Visual Section | 03/10/2018 | Orbital International, Dhaka | 6591.65 | 636.0891018 BAV 2012 | 22/10/2018 | C-2 | Audio Visual (AV) Materials | ||||||
| Dewey Decimal Classification | Non-fiction | Central Library, University of Rajshahi | Central Library, University of Rajshahi | Audio Visual Section | 03/10/2018 | Orbital International, Dhaka | 6591.65 | 636.0891018 BAV 2012 | 22/10/2018 | C-3 | Audio Visual (AV) Materials |